Company law / (Record no. 4255)
[ view plain ]
| 000 -LEADER | |
|---|---|
| fixed length control field | 00738cam a2200265 4500 |
| 001 - CONTROL NUMBER | |
| control field | 4255 |
| 003 - CONTROL NUMBER IDENTIFIER | |
| rucl marc code | BD-RjUL |
| 005 - DATE AND TIME OF LATEST TRANSACTION | |
| control field | 20211208233848.0 |
| 008 - FIXED-LENGTH DATA ELEMENTS--GENERAL INFORMATION | |
| fixed length control field | 131222r19701967enk 001 0 eng d |
| 020 ## - INTERNATIONAL STANDARD BOOK NUMBER | |
| International Standard Book Number | 0712103171 |
| 035 ## - SYSTEM CONTROL NUMBER | |
| System control number | (BD-RjUL)4290 |
| 040 ## - CATALOGING SOURCE | |
| Original cataloging agency | DLC |
| Transcribing agency | DLC |
| Modifying agency | DLC |
| -- | BD-RjUL |
| Language of cataloging | eng |
| 041 ## - LANGUAGE CODE | |
| Language code of text/sound track or separate title | eng |
| 082 00 - DEWEY DECIMAL CLASSIFICATION NUMBER | |
| Classification number | 347.40942 |
| Author mark and year | OLC 1970 |
| 100 1# - MAIN ENTRY--PERSONAL NAME | |
| Personal name | Oliver, M. C. |
| Fuller form of name | (Mary C.) |
| 9 (RLIN) | 13491 |
| 245 10 - TITLE STATEMENT | |
| Title | Company law / |
| Statement of responsibility, etc. | M. C. Oliver. |
| 250 ## - EDITION STATEMENT | |
| Edition statement | 2nd ed. |
| 260 ## - PUBLICATION, DISTRIBUTION, ETC. (IMPRINT) | |
| Place of publication, distribution, etc. | London : |
| Name of publisher, distributor, etc. | Macdonald & Evans, |
| Date of publication, distribution, etc. | 1967 [reprinted 1970]. |
| 300 ## - PHYSICAL DESCRIPTION | |
| Pagination | xiv, 330 p. |
| Size | 19 cm. |
| 490 0# - SERIES STATEMENT | |
| Series statement | The M&E handbook series |
| 504 ## - BIBLIOGRAPHY, ETC. NOTE | |
| Bibliography, etc | Includes index. |
| 650 #0 - SUBJECT ADDED ENTRY--TOPICAL TERM | |
| Topical term or geographic name as entry element | Corporation law |
| Geographic subdivision | Great Britain. |
| 9 (RLIN) | 13492 |
| 942 ## - ADDED ENTRY ELEMENTS (KOHA) | |
| Source of classification or shelving scheme | Dewey Decimal Classification |
| Koha item type | Books |
| Lost status | Source of classification or shelving scheme | Damaged status | Not for loan | Collection code | Permanent Location | Current Location | Shelving location | Date acquired | Source of acquisition | Cost, normal purchase price | Total Checkouts | Full call number | Date last seen | Copy number | Koha item type | Total Renewals | Date checked out |
|---|---|---|---|---|---|---|---|---|---|---|---|---|---|---|---|---|---|
| Dewey Decimal Classification | Not For Loan | Non-fiction | Central Library, University of Rajshahi | Central Library, University of Rajshahi | Reading Room | 05/09/1972 | Aligarh Library, Rajshahi | 17.60 | 347.40942 OLC 1970 | 22/12/2013 | C-1 | Books | |||||
| Dewey Decimal Classification | Non-fiction | Central Library, University of Rajshahi | Central Library, University of Rajshahi | Aligorh Library, Rajshahi | 17.60 | 3 | 347.40942 OLC 1970 | 06/06/2022 | C-2 | Books | 05/06/2022 |